|
|
|
|
| LEADER |
02138nam a2200481 i 4500 |
| 001 |
EBC5381532 |
| 003 |
MiAaPQ |
| 005 |
20200520144314.0 |
| 006 |
m o d | |
| 007 |
cr cnu|||||||| |
| 008 |
180528s1999 gw ob 001 0 ger d |
| 020 |
|
|
|z 9783486564167
|
| 020 |
|
|
|a 9783486594447 (e-book)
|
| 035 |
|
|
|a (MiAaPQ)EBC5381532
|
| 035 |
|
|
|a (Au-PeEL)EBL5381532
|
| 035 |
|
|
|a (CaPaEBR)ebr11555856
|
| 035 |
|
|
|a (OCoLC)1036746884
|
| 040 |
|
|
|a MiAaPQ
|b eng
|e rda
|e pn
|c MiAaPQ
|d MiAaPQ
|
| 043 |
|
|
|a ew-----
|
| 050 |
|
4 |
|a JC497
|b .V465 1999
|
| 082 |
0 |
|
|a 320.011
|2 23
|
| 245 |
0 |
0 |
|a Verstaatlichung der Welt? :
|b europaische Staatsmodelle und aussereuropaische Machtprozesse /
|c herausgegeben von Wolfgang Reinhard ; unter Mitarbeit von Elisabeth Muller-Luckner.
|
| 264 |
|
1 |
|a Munchen :
|b R. Oldenbourg Verlag,
|c [1999]
|
| 264 |
|
4 |
|c 1999
|
| 300 |
|
|
|a 1 online resource (xiv, 375 pages).
|
| 336 |
|
|
|a text
|b txt
|2 rdacontent
|
| 337 |
|
|
|a computer
|b c
|2 rdamedia
|
| 338 |
|
|
|a online resource
|b cr
|2 rdacarrier
|
| 490 |
1 |
|
|a Schriften des Historischen Kollegs. Kolloquien ;
|v 47
|
| 504 |
|
|
|a Includes bibliographical references and indexes.
|
| 588 |
|
|
|a Description based on print version record.
|
| 590 |
|
|
|a Electronic reproduction. Ann Arbor, MI : ProQuest, 2018. Available via World Wide Web. Access may be limited to ProQuest affiliated libraries.
|
| 650 |
|
0 |
|a State, The.
|
| 650 |
|
0 |
|a Power (Social sciences)
|
| 650 |
|
0 |
|a Comparative government.
|
| 651 |
|
0 |
|a Europe, Western
|x Politics and government.
|
| 655 |
|
4 |
|a Electronic books.
|
| 700 |
1 |
|
|a Reinhard, Wolfgang,
|e editor.
|
| 700 |
1 |
|
|a Muller-Luckner, Elisabeth.,
|e contributor.
|
| 776 |
0 |
8 |
|i Print version:
|t Verstaatlichung der Welt? : europaische Staatsmodelle und aussereuropaische Machtprozesse.
|d Munchen : R. Oldenbourg Verlag, c1999
|h xiv, 375 pages
|k Schriften des Historischen Kollegs. Kolloquien ; 47.
|z 9783486564167
|w (DLC) 00309434
|
| 797 |
2 |
|
|a ProQuest (Firm)
|
| 830 |
|
0 |
|a Schriften des Historischen Kollegs.
|p Kolloquien ;
|v 47.
|
| 856 |
4 |
0 |
|u https://ebookcentral.proquest.com/lib/matrademy/detail.action?docID=5381532
|z Click to View
|